Language Quiz

Random Language or French Quiz

Eight Language Colors Blitz Quiz Stats

 Plays Quiz not verified by Sporcle

Score 0/96 Timer 00:45
5 Plays Today
Color Translation % Correct
Blueazul
98.5%
Bluebleu
98.5%
Blueblau
98.5%
Blueblu
98.5%
Blueazul
98.5%
Blueblauw
98.5%
Blueblå
98.5%
Bluecaeruleus
98.5%
Redrojo
96.4%
Redrouge
96.4%
Redrot
96.4%
Redrosso
96.4%
Redvermelho
96.4%
Redrood
96.4%
Redröd
96.4%
Redrubrum
96.4%
Greenverde
92.3%
Greenvert
92.3%
Greengrün
92.3%
Greenverde
92.3%
Greenverde
92.3%
Greengroen
92.3%
Greengrön
92.3%
Greenviridis
92.3%
Whiteblanco
86.7%
Whiteblanc
86.7%
Whiteweiß
86.7%
Whitebianco
86.7%
Whitebranco
86.7%
Whitewit
86.7%
Whitevit
86.7%
Whitealbus
86.7%
Color Translation % Correct
Blacknegro
86.7%
Blacknoir
86.7%
Blackschwarz
86.7%
Blacknero
86.7%
Blackpreto/negro
86.7%
Blackzwart
86.7%
Blacksvart
86.7%
Blackniger/nigreos
86.7%
Orangeanaranjado
84.6%
Orangeorange
84.6%
Orangeorange
84.6%
Orangearancione
84.6%
Orangelaranja
84.6%
Orangeoranje
84.6%
Orangeorange
84.6%
Orangeluteus
84.6%
Yellowflavus
81.5%
Yellowamarillo
81.5%
Yellowjaune
81.5%
Yellowgelb
81.5%
Yellowgiallo
81.5%
Yellowamarelo
81.5%
Yellowgeel
81.5%
Yellowgul
81.5%
Golddorado
75.2%
Goldor
75.2%
Goldgold
75.2%
Goldoro
75.2%
Golddourado/ouro
75.2%
Goldgoud/gouden
75.2%
Goldguld
75.2%
Goldaureus
75.2%
Color Translation % Correct
Purple/Violetmorado/púrpura
71.4%
Purple/Violetpourpre/violet
71.4%
Purple/Violetlila/violett
71.4%
Purple/Violetporpora/viola
71.4%
Purple/Violetroxo/violeta
71.4%
Purple/Violetpaars/purper
71.4%
Purple/Violetlila/violett
71.4%
Purple/Violetpurpura
71.4%
Graygris
71.1%
Graygris
71.1%
Graygrau
71.1%
Graygrigio
71.1%
Graycinza/cinzento
71.1%
Graygrijs
71.1%
Graygrå
71.1%
Graycinereus/griseo
71.1%
Pinkrosado
63.4%
Pinkrose
63.4%
Pinkrosa
63.4%
Pinkrosa
63.4%
Pinkrosa/cor-de-rosa
63.4%
Pinkrose/roze
63.4%
Pinkrosa
63.4%
Pinkroseus
63.4%
Brownmarrón/café
63%
Brownmarron/brun
63%
Brownbraun
63%
Brownmarrone
63%
Brownmarrom/castanho
63%
Brownbruin
63%
Brownbrun
63%
Brownfuscus/brunneis
63%

You're not logged in!

Compare scores with friends on all Sporcle quizzes.
OR
Log In

Show Comments

Extras

Top Quizzes Today


Score Distribution

Your Account Isn't Verified!

In order to create a playlist on Sporcle, you need to verify the email address you used during registration. Go to your Sporcle Settings to finish the process.

Report this User

Report this user for behavior that violates our Community Guidelines.

Details: